Chemical marine monitoring (Record no. 129945)
[ view plain ]
| 000 -LEADER | |
|---|---|
| fixed length control field | 02033nam a2200445 a 4500 |
| 082 04 - DEWEY DECIMAL CLASSIFICATION NUMBER | |
| Classification number | 628.1/68 |
| 245 00 - TITLE STATEMENT | |
| Title | Chemical marine monitoring |
| 260 ## - PUBLICATION, DISTRIBUTION, ETC. (IMPRINT) | |
| Place of publication | Chichester, West Sussex ; |
| -- | Hoboken, N.J. : |
| Name of publisher | J. Wiley & Sons, |
| Year of publication | 2011. |
| 300 ## - PHYSICAL DESCRIPTION | |
| Number of Pages | xiv, 451 p., [6] p. of plates : |
| Other physical details | ill. (some col.), maps (some col.). |
| 490 1# - SERIES STATEMENT | |
| Series statement | Water quality measurements series |
| 505 0# - FORMATTED CONTENTS NOTE | |
| Formatted contents note | pt. 1. Setting the scene -- pt. 2. Policy settings -- pt. 3. Marine monitored parameters, matrices and related techniques -- pt. 4. Types of monitoring -- pt. 5. Quality assurance -- pt. 6. Research and developments -- pt. 7. Conclusions. |
| 650 #0 - SUBJECT ADDED ENTRY--TOPICAL TERM | |
| Topical Term | Marine pollution |
| Topical Term | Marine pollution |
| Topical Term | Chemical oceanography. |
| Topical Term | Water quality bioassay. |
| Topical Term | Environmental monitoring. |
| 700 1# - ADDED ENTRY--PERSONAL NAME | |
| Personal name | Quevauviller, Ph. |
| Personal name | Roose, Patrick. |
| Personal name | Verreet, Gert. |
| 856 40 - ELECTRONIC LOCATION AND ACCESS | |
| Uniform Resource Identifier | http://site.ebrary.com/lib/rucke/Doc?id=10494676 |
No items available.
